| 000 | 004360000a22001690004500 | ||
|---|---|---|---|
| 005 | 20120302055533.0 | ||
| 942 | _cBOOK | ||
| 100 | _a Deshmukh,Sri.Da. | ||
| 245 | _a Stotraawalee:Aadya Shankaraachaarya-Bhag-2 (Saartha Va Sateeka) | ||
| 260 | _aPune:Prasaad Prakaashan,1994. | ||
| 300 | _a320p. | ||
| 490 | _aSubodha Shaankar Granthaawalee | ||
| 040 | _aMAR | ||
| 365 | _b150/- | ||
| 650 | _aTatvadnyaan | ||
| 650 | _aStotraawalee | ||
| 999 |
_c348671 _d348668 |
||